000 01088cam a2200229 4500
001 J122048
008 000000n2003 000 0 eng u
035 _a(Sirsi) u122048
041 _aENG
110 _aUnited Kingdom
_bOffice of the Deputy Prime Minister
245 _aPlanning policy guidance note 10
_bplanning and waste management - annex C
260 _aS.l.
_bODPM
_c2003
490 _aPPG
_v10
520 _aThis new Annex C to PPG10 (ISBN 1851123180) was introduced under Town and Country Planning (Prescription of County Matters) (England) Regulations 2003 and prescribe the use and development of land wholly or mainly for the purposes of recovering, treating, storing, processing, sorting, transferring or depositing of waste as a 'county matter'. View at www.planning.odpm.gov.uk/.
650 _aPPG10
650 _aPLANNING POLICY GUIDANCE NOTES
650 _aPOLLUTION
650 _aEnvironment
_96238
690 _aPLANNING LAW AND PRACTICE
856 _uhttps://www.planning.odpm.gov.uk/ppg10/index.htm
_zView the guidance on the ODPM website...
942 _n0
999 _c102772
_d102772